Republic of Lithuania : Selected Issues.

This Selected Issues paper discusses Lithuania's efforts towards a sustainable and inclusive consolidation. Lithuania has implemented fiscal measures amounting to 17 percent of GDP during 2009-2012, about half of which were frontloaded in 2009. The report shows that Lithuania's tax system,...

Mô tả đầy đủ

Chi tiết về thư mục
Tác giả của công ty: International Monetary Fund
Định dạng: Tạp chí
Ngôn ngữ:English
Được phát hành: Washington, D.C. : International Monetary Fund, 2013.
Loạt:IMF Staff Country Reports; Country Report ; No. 2013/082
Truy cập trực tuyến:Full text available on IMF
LEADER 01628cas a2200241 a 4500
001 AALejournalIMF013460
008 230101c9999 xx r poo 0 0eng d
020 |c 5.00 USD 
020 |z 9781484373767 
022 |a 1934-7685 
040 |a BD-DhAAL  |c BD-DhAAL 
110 2 |a International Monetary Fund. 
245 1 0 |a Republic of Lithuania :   |b Selected Issues. 
264 1 |a Washington, D.C. :  |b International Monetary Fund,  |c 2013. 
300 |a 1 online resource (18 pages) 
490 1 |a IMF Staff Country Reports 
500 |a <strong>Off-Campus Access:</strong> No User ID or Password Required 
500 |a <strong>On-Campus Access:</strong> No User ID or Password Required 
506 |a Electronic access restricted to authorized BRAC University faculty, staff and students 
520 3 |a This Selected Issues paper discusses Lithuania's efforts towards a sustainable and inclusive consolidation. Lithuania has implemented fiscal measures amounting to 17 percent of GDP during 2009-2012, about half of which were frontloaded in 2009. The report shows that Lithuania's tax system, in comparison with other European Union member countries, is skewed toward labor and consumption taxes and plays a more limited role in income redistribution, especially in the upper-income brackets. It is highlighted that the country's fiscal adjustment since 2009 has relied mainly on expenditure measures. 
538 |a Mode of access: Internet 
830 0 |a IMF Staff Country Reports; Country Report ;  |v No. 2013/082 
856 4 0 |z Full text available on IMF  |u http://elibrary.imf.org/view/journals/002/2013/082/002.2013.issue-082-en.xml  |z IMF e-Library